000 00371nam a22001457a 4500
003 MACL
005 20170702123450.0
008 170702b xxu||||| |||| 00| 0 eng d
040 _cMACL
100 _aGupta, Anita
_967985
245 _aThe Adventures of Tenali Raman
260 _aDelhi
_bChildren Book Centre
_c2016
650 _aChildren Book
_967986
942 _2ddc
_cBK
999 _c56683
_d56683